Normal view MARC view

Entry Personal Name

Number of records used in: 1

001 - CONTROL NUMBER

  • control field: 6998

003 - CONTROL NUMBER IDENTIFIER

  • control field: OSt

005 - DATE AND TIME OF LATEST TRANSACTION

  • control field: 20130301212131.0

008 - FIXED-LENGTH DATA ELEMENTS

  • fixed length control field: 130301|||a|||||| | ||| d

040 ## - CATALOGING SOURCE

  • Original cataloging agency: OSt
  • Transcribing agency: OSt

100 ## - HEADING--PERSONAL NAME

  • Personal name: Bedwort, Georgia

670 ## - SOURCE DATA FOUND

  • Source citation: Work cat.: (OSt): Waterworth,Micheal 6995, Tolley's Inheritance tax planning 2011-2012 / , 2011